| 000 | 00718nam a22002417a 4500 | ||
|---|---|---|---|
| 003 | DO-SdBNP | ||
| 005 | 20231004110436.0 | ||
| 008 | 171108b 1978 sp a ||||| |||| 00| 0 spa d | ||
| 020 | _a8427004397 | ||
| 040 |
_aBPMSU _bspa _cBPMSU |
||
| 082 | 4 |
_a133.5 _bG767f 1978 _222 |
|
| 100 | 1 | _aGras, Alain | |
| 245 | 1 | 0 |
_aFuturología / _cAlain Gras ; traducción de Josep Miquel Vidal. |
| 260 |
_aBarcelona : _bMartínez Roca, _c1978. |
||
| 300 |
_a215 p. : _bil. ; _c18 cm. |
||
| 490 | 1 |
_aMicrocosmo _v34 |
|
| 504 | _aBiografía : p. 212-215 | ||
| 650 | 4 | _aAstrología | |
| 650 | 4 | _aPredicciones | |
| 700 | 1 |
_aVidal, Josep Miquel, _etr. |
|
| 910 | _aVMateo v. Control de calidad. 2023/VM | ||
| 942 |
_2ddc _cBK |
||
| 999 |
_c12778 _d12778 |
||